000 00452nam a2200157Ia 4500
008 151213s9999 xx 000 0 und d
082 _a620.1126
_b620.1126
100 _aBraun & Ashbaugh
245 _aApplication of automation technology to fatigue and fracture testing
_cBraun & Ashbaugh
260 _aPhiladelphia
_bASTM
_c1990
300 _a1810 p.
650 _aArchitecture
650 _aReference
700 _aBraun & Ashbaugh
999 _c1329
_d1329